[Event "ITA-chT2"]
[Site "Arvier"]
[Date "2008.05.03"]
[Round "4"]
[White "Broli, Carlo"]
[Black "Giobbi, Costantino"]
[Result "0-1"]
[WhiteElo "1907"]
[BlackElo "1968"]
[PlyCount "50"]
[EventDate "2008.05.02"]
[EventType "team-tourn"]
[EventRounds "5"]
[EventCountry "ITA"]
[SourceTitle "CBM 124 Extra"]
[Source "ChessBase"]
[SourceDate "2008.07.03"]
[SourceVersion "1"]
[SourceVersionDate "2008.07.03"]
[SourceQuality "1"]

1. c4 e6 2. Nc3 d5 3. d4 Nf6 4. Bg5 Be7 5. Nf3 0-0 6. e3 Nbd7 7. Rc1 c6 8. Bd3 h6 9. Bh4 dxc4 10. Bxc4 b5 11. Bd3 Bb7 12. 0-0 a6 13. Ne4 Rc8 14. Bg3 Nxe4 15. Bxe4 Nf6 16. Bb1 c5 17. Be5 cxd4 18. Rxc8 Qxc8 19. Bxd4 Rd8 20. Qd2 Bxf3 21. gxf3 e5 22. Rc1 Qe6 23. Qd3 exd4 24. e4 g6 25. Kg2 Nh5 0-1

[Event "ITA-chT2"]
[Site "Arvier"]
[Date "2008.05.02"]
[Round "1"]
[White "Antonelli, Fabrizio"]
[Black "Broli, Carlo"]
[Result "0-1"]
[WhiteElo "2035"]
[BlackElo "1907"]
[PlyCount "132"]
[EventDate "2008.05.02"]
[EventType "team-tourn"]
[EventRounds "5"]
[EventCountry "ITA"]
[SourceTitle "CBM 124 Extra"]
[Source "ChessBase"]
[SourceDate "2008.07.03"]
[SourceVersion "1"]
[SourceVersionDate "2008.07.03"]
[SourceQuality "1"]

1. e4 Nf6 2. e5 Nd5 3. d4 d6 4. Nf3 Bg4 5. Be2 e6 6. 0-0 Be7 7. c4 Nb6 8. Nc3 0-0 9. Be3 a6 10. Qb3 N8d7 11. Rfd1 Qc8 12. a4 Rb8 13. a5 Na8 14. exd6 cxd6 15. Rac1 b6 16. axb6 Naxb6 17. c5 dxc5 18. dxc5 Nxc5 19. Bxc5 Qxc5 20. Ne4 Qb4 21. Qxb4 Bxb4 22. Bxa6 Nd5 23. Bc4 Nf4 24. b3 h5 25. Rd7 Rfd8 26. Ne5 Rxd7 27. Nxd7 Rc8 28. Ra1 Be2 29. Rc1 Ba3 30. Rc2 Rd8 31. Bxe2 Rxd7 32. g3 Nxe2+ 33. Rxe2 Rd3 34. Rd2 Rxb3 35. Rd8+ Kh7 36. h4 Rb7 37. Kg2 Ra7 38. Kf3 Kg6 39. Ng5 Be7 40. Rd4 Bxg5 41. hxg5 Kxg5 42. Rb4 f5 43. Rc4 e5 44. Rb4 Ra3+ 45. Kg2 e4 46. Rb2 h4 47. gxh4+ Kxh4 48. Re2 g5 49. Kh2 Kg4 50. Kg2 Ra4 51. Rb2 f4 52. Rc2 Ra3 53. Rb2 f3+ 54. Kh2 Kf4 55. Rb4 Ra2 56. Kg1 Ra1+ 57. Kh2 Ra7 58. Rc4 Rh7+ 59. Kg1 Rh4 60. Ra4 Rg4+ 61. Kf1 Rg2 62. Rb4 g4 63. Ra4 g3 64. fxg3+ Rxg3 65. Kf2 Rg2+ 66. Kf1 Rb2 0-1

[Event "Montebelluna Week End"]
[Site "Montebelluna"]
[Date "2007.12.28"]
[Round "3.4"]
[White "Vianello, Enrico"]
[Black "Broli, Carlo"]
[Result "1-0"]
[WhiteElo "2169"]
[BlackElo "1886"]
[PlyCount "107"]
[EventDate "2007.12.27"]
[EventType "swiss"]
[EventRounds "7"]
[EventCountry "ITA"]
[SourceTitle "EXT 2024"]
[Source "ChessBase"]
[SourceDate "2023.10.10"]
[SourceVersion "1"]
[SourceVersionDate "2023.10.10"]
[SourceQuality "1"]

1. d4 d5 2. c4 c6 3. Nf3 Nf6 4. e3 Bg4 5. Nbd2 e6 6. Be2 Nbd7 7. 0-0 Bd6 8. b3 Rc8 9. Bb2 0-0 10. Ne5 Bxe2 11. Qxe2 Re8 12. f4 Nf8 13. Qf3 N6d7 14. e4 Bb4 15. Rf2 Bxd2 16. Rxd2 Nxe5 17. fxe5 Ng6 18. Rf1 Rf8 19. exd5 cxd5 20. Ba3 Ne7 21. Bxe7 Qxe7 22. cxd5 exd5 23. Qxd5 Rcd8 24. Qe4 Rfe8 25. Qg4 Qe6 26. Qxe6 Rxe6 27. Rc1 Kf8 28. Rc7 Re7 29. Rxe7 Kxe7 30. Kf2 Ke6 31. Ke3 Rc8 32. Ke4 Rc1 33. d5+ Kd7 34. h3 b6 35. g4 Re1+ 36. Kd4 Rc1 37. Rd3 Rc2 38. a3 Rc1 39. Rf3 Rd1+ 40. Kc4 Ke7 41. Rd3 Rf1 42. Kb5 Re1 43. Ka6 Rxe5 44. Kxa7 b5 45. Kb6 b4 46. axb4 Kd6 47. b5 Re8 48. Ka7 Re7+ 49. Ka6 Re1 50. b6 Ra1+ 51. Kb7 Ra5 52. Kb8 Rb5 53. b7 Kd7 54. Ka7 1-0

[Event "Montebelluna op-A 5th"]
[Site "Montebelluna"]
[Date "2007.03.11"]
[Round "4"]
[White "Broli, Carlo"]
[Black "Castellano, Alfonso"]
[Result "1-0"]
[WhiteElo "1935"]
[BlackElo "1928"]
[PlyCount "33"]
[EventDate "2007.03.09"]
[EventType "swiss"]
[EventRounds "5"]
[EventCountry "ITA"]
[SourceTitle "EXT 2008"]
[Source "ChessBase"]
[SourceDate "2007.11.25"]
[SourceVersion "1"]
[SourceVersionDate "2007.11.25"]
[SourceQuality "1"]

1. c4 Nf6 2. Nc3 c6 3. e3 d5 4. Nf3 e6 5. b3 Bd6 6. Bb2 Nbd7 7. g4 e5 8. g5 Ne4 9. h4 Qa5 10. Qc2 Nxc3 11. Bxc3 Qc7 12. Bb2 e4 13. Nd4 Ne5 14. cxd5 cxd5 15. Qxc7 Bxc7 16. Rc1 Bb8 17. Rxc8+ 1-0

[Event "Magistrale 6th"]
[Site "Bassano del Grappa"]
[Date "2006.12.26"]
[Round "1.9"]
[White "Broli, Carlo"]
[Black "Verducci, Gianni"]
[Result "0-1"]
[WhiteElo "1935"]
[BlackElo "2062"]
[PlyCount "91"]
[EventDate "2006.12.26"]
[EventType "swiss"]
[EventRounds "7"]
[EventCountry "ITA"]
[SourceTitle "EXT 2023"]
[Source "ChessBase"]
[SourceDate "2022.10.05"]
[SourceVersion "1"]
[SourceVersionDate "2022.10.05"]
[SourceQuality "1"]

1. c4 c5 2. g3 Nc6 3. Bg2 g6 4. Nc3 Bg7 5. d3 e6 6. Qa4 Nge7 7. Bg5 0-0 8. Rb1 h6 9. Bd2 d5 10. Qb5 Qd6 11. cxd5 Nd4 12. Qa4 Bd7 13. Qd1 Nxd5 14. Nf3 Bc6 15. Ne4 Qe7 16. Qc1 Nxf3+ 17. Bxf3 Nb4 18. a3 f5 19. axb4 fxe4 20. dxe4 Kh7 21. bxc5 a5 22. 0-0 e5 23. Qc2 a4 24. Ra1 Rfd8 25. Be3 Qe6 26. Rfd1 Bb5 27. Rd5 Bc6 28. Rxd8 Rxd8 29. Rd1 Rxd1+ 30. Qxd1 Qc4 31. Qc1 Qb4 32. Bd2 Qb3 33. Qc3 Qd1+ 34. Kg2 Qb1 35. h4 Bxe4 36. Bxe4 Qxe4+ 37. Qf3 Qxf3+ 38. exf3 e4 39. Bc1 exf3+ 40. Kxf3 Bd4 41. Ke4 Bxf2 42. g4 h5 43. gxh5 gxh5 44. Kd5 Bxh4 45. Bf4 Bf6 46. c6 0-1

[Event "Campodarsego op-B 17th"]
[Site "Campodarsego"]
[Date "2006.01.22"]
[Round "4"]
[White "Broli, Carlo"]
[Black "Forato, Enrico"]
[Result "1/2-1/2"]
[WhiteElo "1653"]
[BlackElo "1951"]
[PlyCount "50"]
[EventDate "2006.01.20"]
[EventType "swiss"]
[EventRounds "5"]
[EventCountry "ITA"]
[SourceTitle "EXT 2011"]
[Source "ChessBase"]
[SourceDate "2010.11.26"]
[SourceVersion "1"]
[SourceVersionDate "2010.11.26"]
[SourceQuality "1"]

1. c4 e5 2. g3 f5 3. d3 Nf6 4. Nc3 d6 5. Bg2 g6 6. Bg5 Bg7 7. e3 0-0 8. Nge2 c6 9. 0-0 Nbd7 10. b4 h6 11. Bxf6 Nxf6 12. Rc1 g5 13. Qb3 Qe8 14. b5 Bd7 15. bxc6 bxc6 16. Qa3 Qb8 17. Rb1 Qc7 18. Rb3 Rab8 19. Rfb1 Rxb3 20. Qxb3 Rc8 21. Qb7 Kf8 22. Qa6 Ra8 23. Qb7 Rc8 24. Qa6 Ra8 25. Qb7 Rc8 1/2-1/2

[Event "Treviso U2100 op"]
[Site "Treviso"]
[Date "2005.12.03"]
[Round "1.11"]
[White "Castellano, Alfonso"]
[Black "Broli, Carlo"]
[Result "1-0"]
[WhiteElo "1931"]
[BlackElo "1542"]
[PlyCount "83"]
[EventDate "2005.12.03"]
[EventType "swiss"]
[EventRounds "5"]
[EventCountry "ITA"]
[SourceTitle "EXT 2024"]
[Source "ChessBase"]
[SourceDate "2023.10.10"]
[SourceVersion "1"]
[SourceVersionDate "2023.10.10"]
[SourceQuality "1"]

1. c4 Nf6 2. Nc3 c5 3. g3 g6 4. Bg2 Bg7 5. Nf3 Nc6 6. d4 cxd4 7. Nxd4 0-0 8. 0-0 Qb6 9. Nc2 d6 10. Ne3 Qc5 11. Ncd5 Nxd5 12. cxd5 Nd4 13. Rb1 a5 14. Bd2 Qb5 15. Re1 Nf5 16. Nxf5 Bxf5 17. e4 Bd7 18. Bc3 Rfc8 19. Re3 Rab8 20. Qe1 Bxc3 21. bxc3 Qc5 22. Qf1 Qc4 23. Qxc4 Rxc4 24. Bf1 Rc7 25. c4 Kf8 26. Ra3 a4 27. f4 f6 28. Re3 b6 29. e5 Rcb7 30. exf6 exf6 31. Rbe1 Bf5 32. h3 h5 33. Kf2 Kg7 34. Kf3 g5 35. g4 hxg4+ 36. hxg4 gxf4 37. Kxf4 Bg6 38. Re7+ Kf8 39. Rxb7 Rxb7 40. Re6 Rd7 41. Rxf6+ Rf7 42. Kg5 1-0